Classifica Marcatori Arsenal All-Time - Statistics

Statistiche generali
  • Questo quiz è stato fatto 27 volte
  • Il punteggio medio è 4 su 10
Statistiche sulle risposte
Gol Nazione Calciatore % Corretto
228 Francia Thierry Henry
100%
92 Gabon / Francia Pierre-Emerick Aubameyang
88%
132 Paesi Bassi Robin van Persie
79%
120 Paesi Bassi Dennis Bergkamp
63%
105 Francia Olivier Giroud
33%
108 Inghilterra Theo Walcott
29%
179 Inghilterra Ian Wright
13%
106 Inghilterra Alan Smith
8%
94 Inghilterra Joe Baker
0%
92 Inghilterra Paul Merson
0%
Nessun quiz corrispondente trovato
Distribuzione punteggi
Percentuale di utenti per punteggio
Percentile per numero di risposta
I tuoi punteggi nel tempo
Non hai fatto questo quiz